000 00387nam a22001577a 4500
003 NUST - PNEC
005 20170116181154.0
008 160108b xxu||||| |||| 00| 0 eng d
020 _a-
040 _cLIBRARY
082 _a923.3 KAU
100 _915765
_aKaul, General B.M.
245 _aThe untold story
_cGeneral B.M. Kaul
650 _915769
_aStories
_xGeneral
942 _2ddc
_cBK
999 _c71125
_d71125